000 01179nam a2200313Ia 4500
001 ebr10437973
003 CaPaEBR
006 m u
007 cr cn|||||||||
008 061220s2006 enka sb 001 0 eng d
010 _z 2006287434
020 _z1860645690
020 _z9781860645693
040 _aCaPaEBR
_cCaPaEBR
035 _a(OCoLC)693780240
050 1 4 _aAM7
_b.S76 2006eb
082 0 4 _a069.01
_222
100 1 _aStorrie, Calum.
245 1 4 _aThe delirious museum
_h[electronic resource] :
_ba journey from the Louvre to Las Vegas /
_cCalum Storrie.
260 _aLondon ;
_aNew York :
_bI. B. Tauris,
_c2006.
300 _aviii, 246 p. :
_bill.
504 _aIncludes bibliographical references and index.
533 _aElectronic reproduction.
_bPalo Alto, Calif. :
_cebrary,
_d2011.
_nAvailable via World Wide Web.
_nAccess may be limited to ebrary affiliated libraries.
650 0 _aMuseums
_xLocation.
650 0 _aMuseums
_xPhilosophy.
655 7 _aElectronic books.
_2local
710 2 _aebrary, Inc.
856 4 0 _uhttp://site.ebrary.com/lib/rucke/Doc?id=10437973
_zAn electronic book accessible through the World Wide Web; click to view
999 _c243756
_d243756